=LDR 00000nam 2200000 4500 =001 INLIS000000000026861 =005 20130612125259 =008 ***********************************ind** =035 ##$$a0010-061300000026861 =041 ##$$a ind =082 ##$$a 301 =090 ##$$a 301, PHI s =100 ##$$a Philipus, NG =245 ##$$a Sosiologi dan Politik, Ng. Philipus, Nurul Aini =260 ##$$a 2006 $b Jakarta =300 ##$$a xii, 252 hlm., ilus., 21 cm =650 ##$$a Sosiologi =700 ##$$a Aini, Nurul =850 ##$$a NBPNMAT =990 ##$$a 0001/BPAP-NTB/20142014 =990 ##$$a 0001/BPAP-NTB/20142014